Directivos y síndicos de sociedades frente a los impuestos : un análisis de su tratamiento fiscal /
Guardado en:
| Autor Principal: | |
|---|---|
| Otros Autores: | |
| Formato: | Libro |
| Idioma: | Spanish |
| Publicado: |
Buenos Aires :
Errepar,
c2008.
|
| Edición: | 1a. ed. |
| Series: | Colección Biblioteca profesional y empresaria. Impuestos.
|
| Materias: | |
| Etiquetas: |
Agregar Etiqueta
Sin Etiquetas, Sea el primero en etiquetar este registro!
|
| LEADER | 00884nam a22002295a 4500 | ||
|---|---|---|---|
| 001 | EAD.ead003205 | ||
| 008 | 120619s2008####ag#######b####001#0#spa#d | ||
| 005 | 20160215105151.0 | ||
| 245 | 1 | 0 | |a Directivos y síndicos de sociedades frente a los impuestos : |b un análisis de su tratamiento fiscal / |c Juan Oklander, Eduardo José Núñez. |
| 250 | |a 1a. ed. | ||
| 260 | |a Buenos Aires : |b Errepar, |c c2008. | ||
| 300 | |a xi, 132 p. ; |c 22 cm. | ||
| 490 | 1 | |a Colección Biblioteca profesional y empresaria. Impuestos | |
| 504 | |a Incluye referencias bibliográficas e índice. | ||
| 020 | |a 9789870108542 | ||
| 100 | 1 | |a Oklander, Juan. | |
| 700 | 1 | |a Núñez, Eduardo José. | |
| 830 | 0 | |a Colección Biblioteca profesional y empresaria. |p Impuestos. | |
| 082 | 0 | 4 | |a 336.2 |2 21 |
| 650 | 7 | |a Tributación. |2 unbist | |
| 653 | |a Sindicatura | ||
| 859 | |a AR-BaBDC |b BIB. ADMINISTRACION - Libros |h 336.2 |i Ok4 |p b06482 | ||
